Statistics for Dr. Dre Discography (Hard)

Click here to take the quiz!

General Stats

  • This quiz has been taken 5 times
  • The average score is 3 of 7

Answer Stats

YearTypeName% Correct
1999Solo Album2001
100%
2015Solo AlbumCompton
100%
1991Solo AlbumThe Chronic
80%
2001Soundtrack AlbumThe Wash
40%
1996Compilation AlbumDr. Dre Presents: The Aftermath
20%
1994Compilation AlbumConcrete Roots
0%
2022EPGTA Online: The Contract
0%

Score Distribution

Percentile by Number Answered

Percent of People with Each Score

Your Score History

You have not taken this quiz